[Event "DEM U10 2012"]
[Site "Oberhof GER"]
[Date "2012.05.28"]
[Round "3"]
[White "Brehm, Mirja"]
[Black "Rose, Luis Stratos"]
[Result "0-1"]
[Termination "normal"]
[Board "19"]
[WhiteElo "1097"]
[BlackElo "1372"]
[PlyCount "90"]
[BlackFideId "12976008"]
[EventCountry "GER"]
[EventRounds "11"]
[EventType "swiss"]
[EventDate "2012.05.26"]

1. e4 d5 2. exd5 Nf6 3. d4 Nxd5 4. Nf3 g6 5. Bc4 Nb6 6. Bb3 Bg7 7. c3 O-O 8.
Bf4 Bg4 9. O-O c6 10. h3 Bxf3 11. Qxf3 N8d7 12. Qe3 Nf6 13. Bh6 Nbd5 14. Qd2
Re8 15. Bxg7 Kxg7 16. Bxd5 Qxd5 17. Re1 Rad8 18. Qd1 e5 19. f3 exd4 20. cxd4
Qxd4+ 21. Qxd4 Rxe1+ 22. Kf2 Rxd4 23. Kxe1 Nd5 24. Nd2 Nb6 25. Rd1 f5 26. Nb3
Rxd1+ 27. Kxd1 Nc4 28. Kc1 Kf6 29. Nd2 Nxd2 30. Kxd2 Ke5 31. g3 Kd4 32. b3 b5
33. a3 c5 34. a4 bxa4 35. bxa4 c4 36. a5 a6 37. h4 h6 38. f4 h5 39. Kc2 c3 40.
Kc1 Kc4 41. Kc2 Kb4 42. Kc1 Kxa5 43. Kc2 Kb4 44. Kc1 a5 45. Kb1 Kb3 0-1

[Event "DEM U10 2012"]
[Site "Oberhof GER"]
[Date "2012.05.28"]
[Round "3"]
[White "Rosenhain, Rachela"]
[Black "Schmidtmann, Samantha"]
[Result "1-0"]
[Termination "normal"]
[Board "20"]
[WhiteElo "1368"]
[BlackElo "1109"]
[PlyCount "107"]
[WhiteFideId "12957615"]
[BlackFideId "12956759"]
[EventCountry "GER"]
[EventRounds "11"]
[EventType "swiss"]
[EventDate "2012.05.26"]

1. e4 c5 2. Nf3 d6 3. d4 cxd4 4. Qxd4 Nc6 5. Bb5 Bd7 6. Bxc6 Bxc6 7. Nc3 e5 8.
Qd1 Nf6 9. Bg5 Be7 10. Bxf6 Bxf6 11. O-O O-O 12. Qe2 Qd7 13. Rfd1 Be7 14. Nxe5
Qc7 15. Nxc6 bxc6 16. Qc4 Rab8 17. Rab1 Rfc8 18. Ne2 Qb6 19. Ng3 Qb5 20. Qxb5
Rxb5 21. Nf5 Bf8 22. Nxd6 Bxd6 23. Rxd6 Rb4 24. f3 c5 25. c3 Rbb8 26. Rd7 Ra8
27. b4 cxb4 28. cxb4 Rd8 29. Rxd8+ Rxd8 30. a4 Rb8 31. b5 h6 32. a5 a6 33. b6
f6 34. b7 g5 35. Kf2 Kf7 36. Ke3 Ke6 37. Kd4 Kd6 38. g3 Kc6 39. Rb6+ Kc7 40.
Rxf6 Rd8+ 41. Ke5 Rh8 42. Rxa6 Kxb7 43. Rb6+ Ka7 44. Kf6 Rg8 45. e5 Rf8+ 46.
Ke7 Rxf3 47. Kd7 Re3 48. e6 Rd3+ 49. Rd6 Rb3 50. e7 Ka8 51. e8=Q+ Rb8 52. Ra6+
Kb7 53. Rb6+ Ka7 54. Qxb8# 1-0

[Event "DEM U10 2012"]
[Site "Oberhof GER"]
[Date "2012.05.28"]
[Round "3"]
[White "Haag, Lea"]
[Black "Roth, Jakob"]
[Result "1/2-1/2"]
[Termination "normal"]
[Board "21"]
[WhiteElo "1011"]
[BlackElo "1367"]
[PlyCount "90"]
[BlackFideId "12952605"]
[EventCountry "GER"]
[EventRounds "11"]
[EventType "swiss"]
[EventDate "2012.05.26"]

1. e4 c6 2. d4 d5 3. e5 Bf5 4. Nf3 e6 5. Bd3 Bxd3 6. Qxd3 Qa5+ 7. Bd2 Qa6 8.
Qxa6 Nxa6 9. O-O h5 10. Nc3 Ne7 11. Ng5 Nf5 12. Be3 Be7 13. Rad1 Nxe3 14. Nxf7
Kxf7 15. fxe3+ Ke8 16. a3 Kd7 17. Rf3 Raf8 18. Rdf1 Rxf3 19. Rxf3 Rf8 20. Rg3
g5 21. e4 Rf4 22. exd5 cxd5 23. Ne2 Re4 24. Kf2 g4 25. Rb3 b6 26. g3 h4 27. Rd3
Rxe2+ 28. Kxe2 h3 29. Rd1 Bg5 30. Kd3 b5 31. b3 b4 32. a4 Nc7 33. c4 bxc3 34.
Kxc3 a6 35. Rf1 Ke7 36. b4 Ke8 37. Rb1 Kd7 38. b5 axb5 39. axb5 Kc8 40. Kb4 Kb7
41. Ka5 Bd2+ 42. Ka4 Na8 43. Rd1 Be3 44. Kb4 Bg5 45. Rf1 Bd2+ 1/2-1/2

[Event "DEM U10 2012"]
[Site "Oberhof GER"]
[Date "2012.05.28"]
[Round "3"]
[White "Roseneck, Jonas"]
[Black "Petrow, Jonas"]
[Result "1-0"]
[Termination "normal"]
[Board "22"]
[WhiteElo "1342"]
[BlackElo "1067"]
[PlyCount "71"]
[WhiteFideId "12939870"]
[BlackFideId "12991805"]
[EventCountry "GER"]
[EventRounds "11"]
[EventType "swiss"]
[EventDate "2012.05.26"]

1. e4 c5 2. Nf3 Nc6 3. d4 cxd4 4. Nxd4 d6 5. Nc3 Nf6 6. Bg5 g6 7. Bxf6 exf6 8.
Qd2 Bg7 9. O-O-O O-O 10. Ndb5 f5 11. Nxd6 Nd4 12. Ndb5 fxe4 13. Nxd4 Qh4 14. g3
Qh5 15. Nxe4 Qd5 16. Bg2 Qxa2 17. c3 Qa1+ 18. Kc2 Qa4+ 19. Nb3 b6 20. Ra1 Qe8
21. Nd6 Qe6 22. Bxa8 Rd8 23. Rhe1 Rxd6 24. Rxe6 Rxd2+ 25. Kxd2 Bxe6 26. Nd4 Bc4
27. b3 Bxd4 28. cxd4 Bxb3 29. Rxa7 Kg7 30. Ra6 b5 31. Rb6 Bc4 32. Bc6 h5 33.
Bxb5 Bd5 34. Kc3 f5 35. Bc4 Be4 36. d5 1-0

[Event "DEM U10 2012"]
[Site "Oberhof GER"]
[Date "2012.05.28"]
[Round "3"]
[White "Finke, Daniel"]
[Black "Kopylov, Daniel"]
[Result "0-1"]
[Termination "normal"]
[Board "24"]
[WhiteElo "989"]
[BlackElo "1623"]
[PlyCount "104"]
[WhiteFideId "16217675"]
[BlackFideId "12921971"]
[EventCountry "GER"]
[EventRounds "11"]
[EventType "swiss"]
[EventDate "2012.05.26"]

1. e4 c5 2. Nf3 d6 3. d4 cxd4 4. Nxd4 Nf6 5. Nc3 g6 6. Be3 Bg7 7. Be2 Nc6 8.
Nxc6 bxc6 9. e5 dxe5 10. Qxd8+ Kxd8 11. O-O-O+ Kc7 12. f4 exf4 13. Bxf4+ Kb7
14. Na4 Nd5 15. Bg3 Bh6+ 16. Kb1 Be3 17. c4 Nb6 18. Nxb6 axb6 19. Rhf1 Bf5+ 20.
Bd3 Be6 21. Rfe1 Bg5 22. Be5 Rhd8 23. b3 Bg4 24. Bc2 Bxd1 25. Bxd1 Rd2 26. a4
Rxg2 27. Bf3 Rf2 28. Bh1 Rd8 29. b4 Rdd2 30. b5 Rfe2 31. Bxc6+ Ka7 32. Bg3
Rxe1+ 33. Bxe1 Rd1+ 34. Kc2 Rxe1 35. Kb3 e5 36. Kb4 Re3 37. a5 Be7+ 38. c5
Bxc5+ 39. Kc4 f5 40. axb6+ Kxb6 41. h4 f4 42. Kd5 f3 43. Ke6 f2 44. Bg2 e4 45.
Ke5 Re1 46. Kf4 e3 47. Kf3 e2 48. h5 f1=Q+ 49. Bxf1 exf1=Q+ 50. Kg3 Re3+ 51.
Kg4 gxh5+ 52. Kxh5 Qg2 0-1

[Event "DEM U10 2012"]
[Site "Oberhof GER"]
[Date "2012.05.28"]
[Round "3"]
[White "Heckmann, Till"]
[Black "Gazizov, Max"]
[Result "1-0"]
[Termination "normal"]
[Board "25"]
[WhiteElo "1282"]
[BlackElo "1009"]
[PlyCount "51"]
[WhiteFideId "12987093"]
[BlackFideId "12951323"]
[EventCountry "GER"]
[EventRounds "11"]
[EventType "swiss"]
[EventDate "2012.05.26"]

1. e4 c5 2. g3 Nf6 3. Bg2 Nc6 4. f4 e5 5. d3 g6 6. Nf3 Qc7 7. O-O Bg7 8. h3 d6
9. Be3 O-O 10. Nc3 Re8 11. Qd2 b6 12. Kh2 Bb7 13. Nb5 Qd7 14. Nc3 Rac8 15. Nh4
Re7 16. f5 g5 17. Bxg5 Kh8 18. Bh6 Rg8 19. Qg5 Bf8 20. Qxf6+ Bg7 21. Bxg7+ Rxg7
22. Nd5 Re8 23. Qh6 Qd8 24. f6 Rgg8 25. Rf5 Nd4 26. Rh5 1-0

[Event "DEM U10 2012"]
[Site "Oberhof GER"]
[Date "2012.05.28"]
[Round "3"]
[White "Flach, Helene"]
[Black "Hofele, Mathis"]
[Result "0-1"]
[Termination "normal"]
[Board "26"]
[WhiteElo "974"]
[BlackElo "1273"]
[PlyCount "52"]
[WhiteFideId "12929735"]
[BlackFideId "12963844"]
[EventCountry "GER"]
[EventRounds "11"]
[EventType "swiss"]
[EventDate "2012.05.26"]

1. e4 e5 2. Nf3 Nc6 3. Bc4 Nf6 4. d3 Bc5 5. Nc3 O-O 6. Bg5 h6 7. Be3 Bxe3 8.
fxe3 d6 9. Qe2 Be6 10. Bxe6 fxe6 11. O-O-O d5 12. exd5 exd5 13. Rhf1 Qe7 14.
Qe1 Qf7 15. Kb1 Rae8 16. Qg3 d4 17. exd4 exd4 18. Nb5 Nb4 19. b3 Nbd5 20. Rde1
Ne3 21. Rg1 Nfd5 22. Nfxd4 a6 23. Na3 Qf6 24. Nf3 Nc3+ 25. Kc1 Nxa2+ 26. Kd2
Qc3+ 0-1

[Event "DEM U10 2012"]
[Site "Oberhof GER"]
[Date "2012.05.28"]
[Round "3"]
[White "Liebeck, Eddie"]
[Black "Voß, Henrike"]
[Result "1/2-1/2"]
[Termination "normal"]
[Board "27"]
[WhiteElo "1273"]
[BlackElo "1002"]
[PlyCount "42"]
[WhiteFideId "12945854"]
[BlackFideId "12971910"]
[EventCountry "GER"]
[EventRounds "11"]
[EventType "swiss"]
[EventDate "2012.05.26"]

1. d4 Nf6 2. c4 c5 3. d5 b5 4. b3 Ba6 5. Qc2 d6 6. Bb2 e6 7. dxe6 fxe6 8. e3 b4
9. Bxf6 Qxf6 10. Qe4 Qxa1 11. Qxa8 Qxb1+ 12. Ke2 Qxa2+ 13. Ke1 Qb1+ 14. Ke2
Qb2+ 15. Ke1 Qc1+ 16. Ke2 Qb2+ 17. Ke1 Qc3+ 18. Ke2 Qc2+ 19. Ke1 Qc3+ 20. Ke2
Qc2+ 21. Ke1 Qb1+ 1/2-1/2

[Event "DEM U10 2012"]
[Site "Oberhof GER"]
[Date "2012.05.28"]
[Round "3"]
[White "Staufenberger, Philipp"]
[Black "Kobald, Jacqueline"]
[Result "1/2-1/2"]
[Termination "normal"]
[Board "28"]
[WhiteElo "1234"]
[BlackElo "926"]
[PlyCount "86"]
[WhiteFideId "12970883"]
[BlackFideId "12988162"]
[EventCountry "GER"]
[EventRounds "11"]
[EventType "swiss"]
[EventDate "2012.05.26"]

1. e4 e5 2. Nc3 Nf6 3. f4 Nc6 4. fxe5 Nxe5 5. d4 Nc6 6. e5 Ng8 7. Nf3 Bb4 8.
Bd2 Nge7 9. a3 Ba5 10. d5 Bxc3 11. Bxc3 Nb8 12. d6 Ng6 13. Bc4 O-O 14. O-O Re8
15. Qd4 Nc6 16. Bxf7+ Kf8 17. Qd5 Nf4 18. Qc4 Ne6 19. Bxe6 dxe6 20. Ng5+ Kg8
21. Qh4 h6 22. Nf3 cxd6 23. Rad1 d5 24. Qg3 Bd7 25. Bd2 h5 26. Bh6 Qe7 27. Bg5
Qc5+ 28. Kh1 Qxc2 29. Bf6 Qh7 30. Nd4 Kh8 31. Bg5 Rf8 32. Rf4 Nxe5 33. Rh4 Ng6
34. Qc7 Nxh4 35. Qxd7 Nf5 36. Nxe6 Rg8 37. Rxd5 b6 38. Bf4 Qg6 39. Ng5 Nh6 40.
h3 Qf6 41. Rd6 Rad8 42. Rxf6 Rxd7 43. Rg6 Nf7 1/2-1/2

[Event "DEM U10 2012"]
[Site "Oberhof GER"]
[Date "2012.05.28"]
[Round "3"]
[White "Giss, Alexander"]
[Black "Schütze, Tim"]
[Result "0-1"]
[Termination "normal"]
[Board "29"]
[WhiteElo "877"]
[BlackElo "1231"]
[PlyCount "56"]
[WhiteFideId "16260414"]
[BlackFideId "12939706"]
[EventCountry "GER"]
[EventRounds "11"]
[EventType "swiss"]
[EventDate "2012.05.26"]

1. e4 c5 2. Bc4 Nc6 3. Nf3 e6 4. Nc3 Nf6 5. O-O Be7 6. d3 O-O 7. Be3 d5 8. exd5
exd5 9. Bb3 d4 10. Nd5 Nxd5 11. Bxd5 Qxd5 12. Bf4 Bg4 13. Re1 Bd6 14. Bxd6 Qxd6
15. h3 Bh5 16. g4 Bg6 17. Nh4 Qf4 18. Re4 Bxe4 19. dxe4 Qxe4 20. Qd2 Ne5 21.
Nf5 Nf3+ 22. Kf1 Nxd2+ 23. Kg1 Qe2 24. Ng3 Nf3+ 25. Kg2 Nh4+ 26. Kg1 Qf3 27.
Kf1 Rfe8 28. Nf5 Qg2# 0-1

[Event "DEM U10 2012"]
[Site "Oberhof GER"]
[Date "2012.05.28"]
[Round "3"]
[White "Fesselier, Chelsea"]
[Black "Kurz, Annika"]
[Result "1-0"]
[Termination "normal"]
[Board "30"]
[WhiteElo "1228"]
[BlackElo "881"]
[PlyCount "135"]
[WhiteFideId "26024624"]
[EventCountry "GER"]
[EventRounds "11"]
[EventType "swiss"]
[EventDate "2012.05.26"]

1. e4 e5 2. Nf3 Nc6 3. Bc4 Bc5 4. c3 Nf6 5. d4 Bb6 6. Bg5 h6 7. Bh4 d6 8. d5
Na5 9. Bd3 Bg4 10. b4 O-O 11. bxa5 Bxa5 12. O-O Qd7 13. Bxf6 gxf6 14. Be2 c6
15. c4 f5 16. h3 Bh5 17. Nxe5 dxe5 18. Bxh5 fxe4 19. Qg4+ Qxg4 20. Bxg4 Rad8
21. dxc6 bxc6 22. Na3 Rd3 23. Nc2 Rfd8 24. Ne3 R8d4 25. Rfd1 Bd2 26. Be2 Rc3
27. Nf5 Rd7 28. Nxh6+ Kg7 29. Nf5+ Kf6 30. Ne3 Kg5 31. Nf1 e3 32. Nxe3 Kf4 33.
Nd5+ cxd5 34. Rxd2 d4 35. Rb1 d3 36. Re1 e4 37. g3+ Ke5 38. Bf3 f5 39. Kg2 Rc2
40. Rxc2 dxc2 41. Be2 Rd2 42. Bh5 Rd4 43. Be2 f4 44. gxf4+ Kxf4 45. h4 e3 46.
h5 exf2 47. Kxf2 Rd6 48. Bf3 Kg5 49. c5 Rf6 50. Rc1 Rf8 51. Rxc2 Rb8 52. c6 a5
53. c7 Rc8 54. Kg3 Kh6 55. Bg4 Rxc7 56. Rxc7 a4 57. Rf7 a3 58. Rf1 Kg5 59. Kh2
Kh4 60. Rf5 Kxg4 61. Rf8 Kxh5 62. Rg8 Kh6 63. Kg1 Kh7 64. Rg2 Kh6 65. Kf2 Kh5
66. Kf3 Kh4 67. Rg1 Kh5 68. Kf4 1-0

[Event "DEM U10 2012"]
[Site "Oberhof GER"]
[Date "2012.05.28"]
[Round "3"]
[White "Stork, Oliver"]
[Black "Silber, Fabian"]
[Result "1-0"]
[Termination "normal"]
[Board "32"]
[WhiteElo "1216"]
[BlackElo "838"]
[PlyCount "35"]
[WhiteFideId "12955728"]
[BlackFideId "12947288"]
[EventCountry "GER"]
[EventRounds "11"]
[EventType "swiss"]
[EventDate "2012.05.26"]

1. e4 e5 2. f4 Nc6 3. Nf3 Bd6 4. Nc3 Nf6 5. Bc4 h6 6. O-O O-O 7. fxe5 Nxe5 8.
Nxe5 Bxe5 9. d4 Bd6 10. e5 Bb4 11. exf6 gxf6 12. Qg4+ Kh8 13. Bxh6 Rg8 14. Qh5
Rg5 15. Bxg5+ Kg7 16. Qxf7+ Kh8 17. Bxf6+ Qxf6 18. Qg8# 1-0

[Event "DEM U10 2012"]
[Site "Oberhof GER"]
[Date "2012.05.28"]
[Round "3"]
[White "Fischer, Elias"]
[Black "Ewerhardy, Moritz"]
[Result "1-0"]
[Termination "normal"]
[Board "33"]
[WhiteElo "1377"]
[BlackElo "832"]
[PlyCount "73"]
[WhiteFideId "12963305"]
[BlackFideId "36052086"]
[EventCountry "GER"]
[EventRounds "11"]
[EventType "swiss"]
[EventDate "2012.05.26"]

1. e4 e5 2. Nf3 Nc6 3. g3 Bc5 4. Bg2 Nf6 5. d3 d6 6. Nbd2 Be6 7. O-O Qd7 8. c3
Bh3 9. b4 Bb6 10. a4 a6 11. a5 Ba7 12. Qb3 Nh5 13. Ng5 h6 14. Nxh3 O-O-O 15.
Kh1 Rhf8 16. b5 axb5 17. Qxb5 Rde8 18. Rb1 Nd8 19. Qxd7+ Kxd7 20. Ba3 Bc5 21.
Bxc5 dxc5 22. f4 Nc6 23. Nc4 f6 24. Rxb7 g6 25. a6 Rc8 26. Nb6+ Ke8 27. Nxc8
Kd8 28. a7 Nxa7 29. Nxa7 g5 30. Rb8+ Ke7 31. Nc6+ Kf7 32. fxg5 hxg5 33. Nxg5+
Kg7 34. Ne6+ Kh6 35. Rxf8 Kg6 36. Ne7+ Kh6 37. Rh8# 1-0

[Event "DEM U10 2012"]
[Site "Oberhof GER"]
[Date "2012.05.28"]
[Round "3"]
[White "Von Jan, Lena"]
[Black "Schumacher, Simon"]
[Result "0-1"]
[Termination "normal"]
[Board "34"]
[WhiteElo "1003"]
[BlackElo "968"]
[PlyCount "82"]
[WhiteFideId "12946060"]
[EventCountry "GER"]
[EventRounds "11"]
[EventType "swiss"]
[EventDate "2012.05.26"]

1. e4 d5 2. exd5 Qxd5 3. Nc3 Qa5 4. d4 c6 5. Bc4 Nf6 6. Nf3 Bf5 7. Bd2 Qc7 8.
Qe2 e6 9. O-O-O Bd6 10. g3 Nbd7 11. Rhe1 O-O 12. Bg5 h6 13. Bxf6 Nxf6 14. Ne5
Rae8 15. g4 b5 16. Bxb5 cxb5 17. Nxb5 Qb8 18. gxf5 exf5 19. Nxd6 Qxd6 20. Qc4
Ne4 21. f3 Rc8 22. Qd3 Nf2 23. Qxf5 Nxd1 24. Rxd1 Qc7 25. Qd3 Qd6 26. c3 Qe6
27. Kb1 Rb8 28. Rd2 Rbc8 29. Qc2 Rfe8 30. Qd3 f6 31. Ng4 Qe1+ 32. Rd1 Qe2 33.
Qxe2 Rxe2 34. a3 Rb8 35. b4 Rc8 36. Rc1 h5 37. Nxf6+ gxf6 38. Rg1+ Kf7 39. Rc1
Rxh2 40. Rc2 Rxc2 41. Kxc2 h4 0-1

[Event "DEM U10 2012"]
[Site "Oberhof GER"]
[Date "2012.05.28"]
[Round "3"]
[White "Bykov, Ilona"]
[Black "Demme, Miriam"]
[Result "1-0"]
[Termination "normal"]
[Board "35"]
[WhiteElo "937"]
[BlackElo "1207"]
[PlyCount "81"]
[WhiteFideId "12964433"]
[BlackFideId "12966703"]
[EventCountry "GER"]
[EventRounds "11"]
[EventType "swiss"]
[EventDate "2012.05.26"]

1. d4 Nf6 2. Nf3 e6 3. c4 g6 4. Bf4 d6 5. Nc3 Bg7 6. e4 b6 7. Bd3 d5 8. e5 Ne4
9. Nxe4 dxe4 10. Bxe4 c6 11. Qd2 O-O 12. Bh6 Bb7 13. h4 f5 14. Bc2 Rf7 15. h5
Qf8 16. Bxg7 Rxg7 17. Ng5 Rd7 18. hxg6 hxg6 19. O-O-O c5 20. Rh2 Rxd4 21. Rdh1
Qg7 22. Nxe6 Qxe5 23. Nxd4 cxd4 24. Qh6 Qg7 25. Qxg7+ Kxg7 26. Rh7+ Kf6 27.
Rxb7 Nc6 28. Rc7 Ne5 29. f4 Nf7 30. Rc6+ Kg7 31. g4 Rd8 32. Bd3 Rd7 33. gxf5
gxf5 34. Bxf5 Rd8 35. Rh7+ Kf8 36. Rc7 Rd6 37. Rhxf7+ Ke8 38. Rxa7 d3 39. Rh7
d2+ 40. Kd1 b5 41. Rh8# 1-0

[Event "DEM U10 2012"]
[Site "Oberhof GER"]
[Date "2012.05.28"]
[Round "3"]
[White "Gauchel, Verena"]
[Black "Wastian, Mareike"]
[Result "1-0"]
[Termination "normal"]
[Board "36"]
[WhiteElo "911"]
[BlackElo "1174"]
[PlyCount "89"]
[WhiteFideId "12988537"]
[BlackFideId "12947423"]
[EventCountry "GER"]
[EventRounds "11"]
[EventType "swiss"]
[EventDate "2012.05.26"]

1. d4 d5 2. Nf3 e6 3. c4 c5 4. cxd5 exd5 5. Nc3 Be6 6. Qb3 Qd7 7. Bf4 Nf6 8. e3
a6 9. Na4 Qc6 10. Ne5 c4 11. Nxc6 cxb3 12. Nb6 Nxc6 13. Nxa8 Bb4+ 14. Kd1 O-O
15. Nc7 Bd7 16. axb3 Ne4 17. Ke2 f6 18. Nxd5 Bd2 19. f3 Ba5 20. fxe4 Bg4+ 21.
Kf2 g5 22. h3 Bh5 23. Bd6 Rf7 24. Be2 Bg6 25. Nc3 b5 26. d5 Nd8 27. Rxa5 Nb7
28. Rxa6 Rd7 29. Bb4 Nd8 30. Bxb5 Rc7 31. d6 Rc8 32. d7 Rb8 33. Be7 Kf7 34.
Bxd8 Rxd8 35. Rd1 Bh5 36. g4 Bg6 37. Bc6 Ke6 38. Ra8 Ke7 39. Nd5+ Kd6 40. Rxd8
Kxc6 41. Ne7+ Kc7 42. Rc8+ Kb7 43. d8=Q Ka7 44. Rd6 Kb7 45. Qc7# 1-0

[Event "DEM U10 2012"]
[Site "Oberhof GER"]
[Date "2012.05.28"]
[Round "3"]
[White "Lindow, Max"]
[Black "Kukulina, Sonja"]
[Result "1-0"]
[Termination "normal"]
[Board "37"]
[WhiteElo "1128"]
[BlackElo "948"]
[PlyCount "53"]
[WhiteFideId "16211057"]
[BlackFideId "12977047"]
[EventCountry "GER"]
[EventRounds "11"]
[EventType "swiss"]
[EventDate "2012.05.26"]

1. e4 e6 2. d4 d5 3. Nc3 Nf6 4. Bg5 Be7 5. e5 Nfd7 6. Bxe7 Qxe7 7. f4 c5 8. Nb5
O-O 9. Bd3 Nc6 10. Nf3 a6 11. Nc7 Rb8 12. Bxh7+ Kxh7 13. Ng5+ Kh6 14. Qf3 Rh8
15. Qh3+ Kg6 16. Qxh8 Kf5 17. Qh3+ Kxf4 18. Qg3+ Kf5 19. O-O+ Kg6 20. Nxf7+ Kh5
21. Qh3+ Qh4 22. Rf5+ Kg6 23. Qxh4 Kxf5 24. Rf1+ Kg6 25. Qg5+ Kh7 26. Qh5+ Kg8
27. Qh8# 1-0

[Event "DEM U10 2012"]
[Site "Oberhof GER"]
[Date "2012.05.28"]
[Round "3"]
[White "Baladjaev, Leyla"]
[Black "Grey, Andrea"]
[Result "1/2-1/2"]
[Termination "normal"]
[Board "38"]
[WhiteElo "1113"]
[BlackElo "855"]
[PlyCount "102"]
[WhiteFideId "12960217"]
[BlackFideId "12971880"]
[EventCountry "GER"]
[EventRounds "11"]
[EventType "swiss"]
[EventDate "2012.05.26"]

1. d4 d5 2. Nf3 Nc6 3. g3 Nf6 4. Bg2 Bf5 5. a3 g6 6. O-O Bg7 7. c4 O-O 8. Nbd2
dxc4 9. Nxc4 Qd7 10. b3 Bh3 11. Nfe5 Nxe5 12. Nxe5 Qc8 13. Bb2 Bxg2 14. Kxg2
Nd7 15. Qc2 Nxe5 16. dxe5 c6 17. Rac1 Qc7 18. f4 Rfd8 19. Rfd1 Rac8 20. b4 a6
21. a4 Rxd1 22. Rxd1 Rd8 23. Rd3 Rxd3 24. exd3 Qd7 25. Qc3 f6 26. d4 Qd5+ 27.
Kf2 f5 28. Qf3 Qc4 29. Qc3 Qd5 30. Qc5 Qd7 31. Qc4+ e6 32. h3 h5 33. Kf3 Bf8
34. g4 hxg4+ 35. hxg4 Be7 36. gxf5 gxf5 37. Bc3 Qd5+ 38. Qxd5 cxd5 39. Ke3 Kg7
40. b5 axb5 41. axb5 Kg6 42. Bd2 Kh5 43. Kd3 Bd8 44. Kc3 Bb6 45. Kd3 Kg4 46.
Ke3 Kg3 47. Bb4 Kg4 48. Bc5 Bc7 49. Bd6 Bb6 50. Be7 Kg3 51. Bg5 Kg4 1/2-1/2

[Event "DEM U10 2012"]
[Site "Oberhof GER"]
[Date "2012.05.28"]
[Round "3"]
[White "Schmiederer, Luisa"]
[Black "Bierfreund, Trine"]
[Result "1-0"]
[Termination "normal"]
[Board "39"]
[WhiteElo "850"]
[BlackElo "1083"]
[PlyCount "23"]
[BlackFideId "12957372"]
[EventCountry "GER"]
[EventRounds "11"]
[EventType "swiss"]
[EventDate "2012.05.26"]

1. e4 e5 2. Nc3 Nc6 3. Nf3 Nf6 4. Bc4 Bc5 5. d3 O-O 6. Bg5 d6 7. Nd5 a6 8.
Nxf6+ gxf6 9. Bh6 Re8 10. Nh4 f5 11. Qh5 f4 12. Qxf7+ 1-0

[Event "DEM U10 2012"]
[Site "Oberhof GER"]
[Date "2012.05.28"]
[Round "3"]
[White "Schulze, Nick"]
[Black "Weiten, Teresa"]
[Result "1-0"]
[Termination "normal"]
[Board "40"]
[WhiteElo "1072"]
[BlackElo "834"]
[PlyCount "113"]
[WhiteFideId "12971847"]
[BlackFideId "12971944"]
[EventCountry "GER"]
[EventRounds "11"]
[EventType "swiss"]
[EventDate "2012.05.26"]

1. d4 d5 2. Nf3 Nc6 3. e3 Nf6 4. Bd3 Bg4 5. Nbd2 e6 6. b3 Bd6 7. c4 O-O 8. Bb2
Qe7 9. Qc2 Nb4 10. Qb1 Nxd3+ 11. Qxd3 Bxf3 12. Nxf3 Bb4+ 13. Nd2 Rad8 14. O-O
Qd6 15. c5 Qc6 16. Nf3 b6 17. a3 bxc5 18. axb4 cxb4 19. Ne5 Qd6 20. Ra6 Qe7 21.
Nc6 Qd6 22. Nxd8 Qxd8 23. Rxa7 Ng4 24. Rc1 Qf6 25. Qd2 Qh4 26. h3 Nf6 27. Rcxc7
Ne4 28. Qc2 h6 29. Qe2 Qf6 30. f3 Nd6 31. Qd2 Nb5 32. Qxb4 Nxa7 33. Rxa7 Qg6
34. Ba3 Rc8 35. Rc7 Rxc7 36. Qb8+ Kh7 37. Qxc7 Qb1+ 38. Kh2 Qxb3 39. Bf8 Qxe3
40. Qxf7 Qxd4 41. Bd6 e5 42. Qf5+ g6 43. Qf7+ Kh8 44. Qxg6 Qf4+ 45. g3 Qg5 46.
Qe8+ Qg8 47. Bxe5+ Kh7 48. Qe7+ Kg6 49. Qf6+ Kh7 50. Qf5+ Qg6 51. Qd7+ Kg8 52.
Qxd5+ Kh7 53. Qb7+ Kg8 54. Qc8+ Kh7 55. g4 Qg5 56. Qh8+ Kg6 57. Qg7# 1-0

[Event "DEM U10 2012"]
[Site "Oberhof GER"]
[Date "2012.05.28"]
[Round "3"]
[White "Oganessjan, Artur"]
[Black "Schönweiler, Elisabeth"]
[Result "1-0"]
[Termination "normal"]
[Board "42"]
[WhiteElo "961"]
[BlackElo "832"]
[PlyCount "109"]
[WhiteFideId "12986062"]
[BlackFideId "12997005"]
[EventCountry "GER"]
[EventRounds "11"]
[EventType "swiss"]
[EventDate "2012.05.26"]

1. d4 d5 2. c4 Nf6 3. Nc3 dxc4 4. e4 Bg4 5. f3 Bd7 6. Bxc4 e6 7. Nge2 Be7 8. e5
Nd5 9. Nxd5 exd5 10. Bxd5 Nc6 11. Be3 Qc8 12. Nc3 Bh4+ 13. g3 Be7 14. Qd2 Bf8
15. O-O-O Qd8 16. Kb1 a6 17. Rhf1 b5 18. a3 Rb8 19. Bxc6 Bxc6 20. d5 Bd7 21. e6
fxe6 22. Bg5 Qc8 23. Rfe1 Be7 24. Bxe7 Kxe7 25. Qg5+ Kf8 26. dxe6 Bxe6 27. Nd5
Qd8 28. Qxd8+ Rxd8 29. Rxe6 c6 30. Rxc6 Ke8 31. Nc7+ Ke7 32. Rxd8 Rxd8 33. Nxa6
Rd1+ 34. Ka2 Rh1 35. Rc2 Rg1 36. f4 Rd1 37. Rc5 Rd6 38. Nb4 Rb6 39. Nd5+ Kd6
40. Nxb6 Kxc5 41. Nd7+ Kc6 42. Ne5+ Kd5 43. b4 Kd6 44. Kb3 Kc7 45. a4 Kb6 46.
axb5 Kxb5 47. Ka3 g6 48. h4 Kb6 49. Ka4 Ka6 50. b5+ Kb6 51. Kb4 Kb7 52. Ka5 Kc7
53. Ka6 Kb8 54. b6 Kc8 55. Ka7 1-0

[Event "DEM U10 2012"]
[Site "Oberhof GER"]
[Date "2012.05.28"]
[Round "3"]
[White "Hasenburg, Juliana"]
[Black "Kirsten, Annika"]
[Result "1/2-1/2"]
[Termination "normal"]
[Board "43"]
[WhiteElo "776"]
[BlackElo "957"]
[PlyCount "71"]
[BlackFideId "12961124"]
[EventCountry "GER"]
[EventRounds "11"]
[EventType "swiss"]
[EventDate "2012.05.26"]

1. e4 e5 2. Nf3 Nc6 3. Nc3 Nf6 4. Bc4 Bc5 5. Ng5 d5 6. exd5 Na5 7. Qe2 Ng4 8.
Qf3 Bxf2+ 9. Ke2 Qxg5 10. d3 Qe7 11. d6 cxd6 12. Nd5 Qd7 13. Bb5 Qxb5 14. Nc7+
Kf8 15. Nxb5 a6 16. Qd5 Be6 17. Qxd6+ Kg8 18. Nc7 Rf8 19. Nxe6 fxe6 20. Qxe6+
Rf7 21. Bg5 Bc5 22. Be7 Bxe7 23. Rhf1 Nf6 24. Qc8+ Rf8 25. Qe6+ Rf7 26. d4 exd4
27. Rad1 Nc6 28. Rf5 g6 29. Rf4 Kg7 30. Rf5 Re8 31. Qb3 Bd6+ 32. Kf1 gxf5 33.
Qh3 Re5 34. Qg3+ Ng4 35. Qh4 Be7 36. Qh5 1/2-1/2

[Event "DEM U10 2012"]
[Site "Oberhof GER"]
[Date "2012.05.28"]
[Round "3"]
[White "Pantsernaya, Sofya"]
[Black "Leib, Amina"]
[Result "1-0"]
[Termination "normal"]
[Board "44"]
[WhiteElo "953"]
[BlackElo "754"]
[PlyCount "91"]
[WhiteFideId "12993182"]
[BlackFideId "12982970"]
[EventCountry "GER"]
[EventRounds "11"]
[EventType "swiss"]
[EventDate "2012.05.26"]

1. e4 Nf6 2. e5 Nd5 3. c4 Nf4 4. g3 Ne6 5. d4 d6 6. Nf3 Bd7 7. Bg2 Qc8 8. Bh3
dxe5 9. Nxe5 Nd8 10. Nxd7 Nxd7 11. Qa4 e6 12. d5 Bd6 13. dxe6 fxe6 14. O-O O-O
15. c5 Nxc5 16. Qg4 Be5 17. Qg5 Bd4 18. Nc3 Nf7 19. Qg4 Qd7 20. Bf4 Ne5 21.
Bxe5 Bxe5 22. Rad1 Bd6 23. Nb5 Qxb5 24. b4 Qxb4 25. Qxb4 a5 26. Qg4 e5 27. Qh4
Rae8 28. Rfe1 Be7 29. Qc4+ Rf7 30. Be6 Nxe6 31. Qxe6 h6 32. Rxe5 Kh8 33. Rh5
Rf6 34. Qd7 Ref8 35. Qxe7 b5 36. Rd8 Kg8 37. Rxf8+ Rxf8 38. Qxc7 b4 39. Qxa5
Kh8 40. Qxb4 Kg8 41. Qc4+ Rf7 42. Rf5 Kh7 43. Qxf7 Kh8 44. Qf8+ Kh7 45. Rf7 h5
46. Qxg7# 1-0